Bondo district development plan 2002-2008. (Record no. 12543)
[ view plain ]
| 000 -LEADER | |
|---|---|
| fixed length control field | 00628cam a22001932 4500 |
| 001 - CONTROL NUMBER | |
| control field | 0000001456 |
| 005 - DATE AND TIME OF LATEST TRANSACTION | |
| control field | 20151217155809.0 |
| 008 - FIXED-LENGTH DATA ELEMENTS--GENERAL INFORMATION | |
| fixed length control field | 070312s xx 000 0 eng d |
| 040 ## - CATALOGING SOURCE | |
| Original cataloging agency | KABU |
| Transcribing agency | KABU |
| 050 #0 - LIBRARY OF CONGRESS CALL NUMBER | |
| Classification number | HC865 |
| Item number | .Z7B661 2002 |
| 110 2# - MAIN ENTRY--CORPORATE NAME | |
| Corporate name or jurisdiction name as entry element | Kenya. |
| Subordinate unit | Ministry of Finance and Planning. |
| -- | 0000150234 |
| 245 10 - TITLE STATEMENT | |
| Title | Bondo district development plan 2002-2008. |
| 260 ## - PUBLICATION, DISTRIBUTION, ETC. (IMPRINT) | |
| Place of publication, distribution, etc. | Nairobi : |
| Name of publisher, distributor, etc. | Ministry of Finance and Planning, |
| Date of publication, distribution, etc. | [2002] |
| 300 ## - PHYSICAL DESCRIPTION | |
| Extent | viii, 73 p. |
| 651 #0 - SUBJECT ADDED ENTRY--GEOGRAPHIC NAME | |
| Geographic name | Bondo district (Kenya) |
| General subdivision | Economic policy. |
| -- | 0000150235 |
| 908 ## - PUT COMMAND PARAMETER (RLIN) | |
| Put command parameter | 070312 |
| 950 ## - LOCAL HOLDINGS (RLIN) | |
| -- | 1 |
| Withdrawn status | Lost status | Source of classification or shelving scheme | Not for loan | Home library | Current library | Date acquired | Total Checkouts | Full call number | Barcode | Date last seen | Price effective from | Koha item type |
|---|---|---|---|---|---|---|---|---|---|---|---|---|
| Library of Congress Classification | Kabarak, Main Campus | Kabarak, Main Campus | 17/12/2015 | HC865 .Z7B661 2002 | 004011 | 17/12/2015 | 17/12/2015 | Africana Collection |